<?xml version="1.0" encoding="UTF-8"?>
<record
    xmlns:xsi="http://www.w3.org/2001/XMLSchema-instance"
    xsi:schemaLocation="http://www.loc.gov/MARC21/slim http://www.loc.gov/standards/marcxml/schema/MARC21slim.xsd"
    xmlns="http://www.loc.gov/MARC21/slim">

  <leader>02036nam2a22003251  4500</leader>
  <controlfield tag="001">RU\NLR\A1SV\80306</controlfield>
  <controlfield tag="005">20260412063608.0</controlfield>
  <datafield tag="035" ind1=" " ind2=" ">
    <subfield code="a">(NLR Aleph) 009761750</subfield>
  </datafield>
  <datafield tag="090" ind1=" " ind2=" ">
    <subfield code="a">13483408</subfield>
    <subfield code="c">13483408</subfield>
  </datafield>
  <datafield tag="100" ind1=" " ind2=" ">
    <subfield code="a">20070627d1922    u  y0rusy50      ca</subfield>
  </datafield>
  <datafield tag="101" ind1="0" ind2=" ">
    <subfield code="a">rus</subfield>
  </datafield>
  <datafield tag="200" ind1="0" ind2=" ">
    <subfield code="a">1</subfield>
  </datafield>
  <datafield tag="215" ind1=" " ind2=" ">
    <subfield code="a">96 &#x441;.</subfield>
  </datafield>
  <datafield tag="327" ind1="0" ind2=" ">
    <subfield code="a">&#x410;&#x432;&#x442;.: &#x410;&#x43D;&#x43D;&#x430; &#x410;&#x445;&#x43C;&#x430;&#x442;&#x43E;&#x432;&#x430;, &#x42E;.&#x412;&#x435;&#x440;&#x445;&#x43E;&#x432;&#x441;&#x43A;&#x438;&#x439;, &#x41B;&#x435;&#x43E;&#x43D;&#x438;&#x434; &#x413;&#x440;&#x43E;&#x441;&#x441;&#x43C;&#x430;&#x43D;, &#x41A;&#x43E;&#x43D;&#x441;&#x442;&#x430;&#x43D;&#x442;&#x438;&#x43D; &#x41B;&#x438;&#x43F;&#x441;&#x43A;&#x435;&#x440;&#x43E;&#x432;, &#x41E;.&#x41C;&#x430;&#x43D;&#x434;&#x435;&#x43B;&#x44C;&#x448;&#x442;&#x430;&#x43C;, &#x421;&#x43E;&#x444;&#x438;&#x44F; &#x41F;&#x430;&#x440;&#x43D;&#x43E;&#x43A;, &#x421;&#x435;&#x440;&#x433;&#x435;&#x439; &#x421;&#x43E;&#x43B;&#x43E;&#x432;&#x44C;&#x435;&#x432;, &#x412;&#x43B;&#x430;&#x434;&#x438;&#x441;&#x43B;&#x430;&#x432; &#x425;&#x43E;&#x434;&#x430;&#x441;&#x435;&#x432;&#x438;&#x447;, &#x421;.&#x428;&#x435;&#x440;&#x432;&#x438;&#x43D;&#x441;&#x43A;&#x438;&#x439;, &#x410;&#x431;&#x440;&#x430;&#x43C; &#x42D;&#x444;&#x440;&#x43E;&#x441; &#x438; &#x434;&#x440;.</subfield>
  </datafield>
  <datafield tag="461" ind1=" " ind2="1">
    <subfield code="1">001RU\NLR\A1SV\80305</subfield>
    <subfield code="1">2000#$a&#x41B;&#x438;&#x440;&#x438;&#x447;&#x435;&#x441;&#x43A;&#x438;&#x439; &#x43A;&#x440;&#x443;&#x433;$e&#x421;&#x442;&#x440;&#x430;&#x43D;&#x438;&#x446;&#x44B; &#x43F;&#x43E;&#x44D;&#x437;&#x438;&#x438; &#x438; &#x43A;&#x440;&#x438;&#x442;&#x438;&#x43A;&#x438;$v1</subfield>
    <subfield code="9">10021468</subfield>
    <subfield code="c">&#x41C;.</subfield>
    <subfield code="d">1922</subfield>
    <subfield code="n">&#x421;&#x435;&#x432;. &#x434;&#x43D;&#x438;</subfield>
    <subfield code="o">&#x421;&#x442;&#x440;&#x430;&#x43D;&#x438;&#x446;&#x44B; &#x43F;&#x43E;&#x44D;&#x437;&#x438;&#x438; &#x438; &#x43A;&#x440;&#x438;&#x442;&#x438;&#x43A;&#x438;</subfield>
    <subfield code="t">&#x41B;&#x438;&#x440;&#x438;&#x447;&#x435;&#x441;&#x43A;&#x438;&#x439; &#x43A;&#x440;&#x443;&#x433;</subfield>
    <subfield code="v">1</subfield>
  </datafield>
  <datafield tag="702" ind1=" " ind2="1">
    <subfield code="8">rus</subfield>
    <subfield code="7">ca</subfield>
    <subfield code="a">&#x410;&#x445;&#x43C;&#x430;&#x442;&#x43E;&#x432;&#x430;</subfield>
    <subfield code="b">&#x410;. &#x410;.</subfield>
    <subfield code="f">1889-1966</subfield>
    <subfield code="g">&#x410;&#x43D;&#x43D;&#x430; &#x410;&#x43D;&#x434;&#x440;&#x435;&#x435;&#x432;&#x43D;&#x430;</subfield>
    <subfield code="3">RU\NLR\AUTH\77506</subfield>
    <subfield code="9">110555</subfield>
  </datafield>
  <datafield tag="702" ind1=" " ind2="1">
    <subfield code="8">rus</subfield>
    <subfield code="7">ca</subfield>
    <subfield code="a">&#x412;&#x435;&#x440;&#x445;&#x43E;&#x432;&#x441;&#x43A;&#x438;&#x439;</subfield>
    <subfield code="b">&#x42E;. &#x41D;.</subfield>
    <subfield code="f">1878-1956</subfield>
    <subfield code="g">&#x42E;&#x440;&#x438;&#x439; &#x41D;&#x438;&#x43A;&#x430;&#x43D;&#x434;&#x440;&#x43E;&#x432;&#x438;&#x447;</subfield>
    <subfield code="3">RU\NLR\AUTH\77100426</subfield>
    <subfield code="9">83352</subfield>
  </datafield>
  <datafield tag="702" ind1=" " ind2="1">
    <subfield code="a">&#x413;&#x440;&#x43E;&#x441;&#x441;&#x43C;&#x430;&#x43D;</subfield>
    <subfield code="b">&#x41B;.&#x41F;.</subfield>
    <subfield code="f">1888-1965</subfield>
    <subfield code="g">&#x41B;&#x435;&#x43E;&#x43D;&#x438;&#x434; &#x41F;&#x435;&#x442;&#x440;&#x43E;&#x432;&#x438;&#x447;</subfield>
  </datafield>
  <datafield tag="702" ind1=" " ind2="1">
    <subfield code="a">&#x41B;&#x438;&#x43F;&#x441;&#x43A;&#x435;&#x440;&#x43E;&#x432;</subfield>
    <subfield code="b">&#x41A;.</subfield>
    <subfield code="g">&#x41A;&#x43E;&#x43D;&#x441;&#x442;&#x430;&#x43D;&#x442;&#x438;&#x43D;</subfield>
  </datafield>
  <datafield tag="702" ind1=" " ind2="1">
    <subfield code="8">rus</subfield>
    <subfield code="7">ca</subfield>
    <subfield code="a">&#x41C;&#x430;&#x43D;&#x434;&#x435;&#x43B;&#x44C;&#x448;&#x442;&#x430;&#x43C;</subfield>
    <subfield code="b">&#x41E;. &#x42D;.</subfield>
    <subfield code="f">1891-1938</subfield>
    <subfield code="g">&#x41E;&#x441;&#x438;&#x43F; &#x42D;&#x43C;&#x438;&#x43B;&#x44C;&#x435;&#x432;&#x438;&#x447;</subfield>
    <subfield code="3">RU\NLR\AUTH\77504</subfield>
    <subfield code="9">110553</subfield>
  </datafield>
  <datafield tag="702" ind1=" " ind2="1">
    <subfield code="4">070</subfield>
    <subfield code="8">rus</subfield>
    <subfield code="7">ca</subfield>
    <subfield code="a">&#x41F;&#x430;&#x440;&#x43D;&#x43E;&#x43A;</subfield>
    <subfield code="b">&#x421;. &#x42F;.</subfield>
    <subfield code="f">1885-1933</subfield>
    <subfield code="g">&#x421;&#x43E;&#x444;&#x438;&#x44F; &#x42F;&#x43A;&#x43E;&#x432;&#x43B;&#x435;&#x432;&#x43D;&#x430;</subfield>
    <subfield code="3">RU\NLR\auth\775527</subfield>
    <subfield code="9">115491</subfield>
  </datafield>
  <datafield tag="702" ind1=" " ind2="1">
    <subfield code="a">&#x421;&#x43E;&#x43B;&#x43E;&#x432;&#x44C;&#x435;&#x432;</subfield>
    <subfield code="b">&#x421;.&#x41C;.</subfield>
    <subfield code="f">1885-1942</subfield>
    <subfield code="g">&#x421;&#x435;&#x440;&#x433;&#x435;&#x439; &#x41C;&#x438;&#x445;&#x430;&#x439;&#x43B;&#x43E;&#x432;&#x438;&#x447;</subfield>
  </datafield>
  <datafield tag="702" ind1=" " ind2="1">
    <subfield code="a">&#x425;&#x43E;&#x434;&#x430;&#x441;&#x435;&#x432;&#x438;&#x447;</subfield>
    <subfield code="b">&#x412;.&#x424;.</subfield>
    <subfield code="f">1886-1939</subfield>
    <subfield code="g">&#x412;&#x43B;&#x430;&#x434;&#x438;&#x441;&#x43B;&#x430;&#x432; &#x424;&#x435;&#x43B;&#x438;&#x446;&#x438;&#x430;&#x43D;&#x43E;&#x432;&#x438;&#x447;</subfield>
  </datafield>
  <datafield tag="702" ind1=" " ind2="1">
    <subfield code="4">070</subfield>
    <subfield code="7">ca</subfield>
    <subfield code="8">rus</subfield>
    <subfield code="a">&#x428;&#x435;&#x440;&#x432;&#x438;&#x43D;&#x441;&#x43A;&#x438;&#x439;</subfield>
    <subfield code="b">&#x421;. &#x412;.</subfield>
    <subfield code="f">1892-1991</subfield>
    <subfield code="g">&#x421;&#x435;&#x440;&#x433;&#x435;&#x439; &#x412;&#x430;&#x441;&#x438;&#x43B;&#x44C;&#x435;&#x432;&#x438;&#x447;</subfield>
    <subfield code="9">118384</subfield>
    <subfield code="3">RU\NLR\auth\778479</subfield>
  </datafield>
  <datafield tag="702" ind1=" " ind2="1">
    <subfield code="8">rus</subfield>
    <subfield code="7">ca</subfield>
    <subfield code="a">&#x42D;&#x444;&#x440;&#x43E;&#x441;</subfield>
    <subfield code="b">&#x410;. &#x41C;.</subfield>
    <subfield code="f">1888-1954</subfield>
    <subfield code="g">&#x410;&#x431;&#x440;&#x430;&#x43C; &#x41C;&#x430;&#x440;&#x43A;&#x43E;&#x432;&#x438;&#x447;</subfield>
    <subfield code="3">RU\NLR\AUTH\7711148</subfield>
    <subfield code="9">120902</subfield>
  </datafield>
  <datafield tag="801" ind1=" " ind2="0">
    <subfield code="a">RU</subfield>
    <subfield code="b">NLR</subfield>
    <subfield code="c">20070627</subfield>
  </datafield>
  <datafield tag="942" ind1=" " ind2=" ">
    <subfield code="c">BOOK</subfield>
  </datafield>
  <datafield tag="980" ind1=" " ind2=" ">
    <subfield code="a">A1SV</subfield>
  </datafield>
  <datafield tag="980" ind1=" " ind2=" ">
    <subfield code="a">NB</subfield>
  </datafield>
</record>
